000 00441nam a22001817a 4500
003 OSt
008 250204b |||||||| |||| 00| 0 eng d
020 _a9789354515453
082 _a615.58 MIT
100 _aMishra, k. Arun
245 _aText Book of Pharmacotherapeutics
250 _a3rd
260 _aN.Delhi
_bNirali Pub.
_c2023
300 _a13.11
650 _aPharmacotherapeutics
700 _aSingh, Harpreet
942 _2ddc
_cBK
999 _c13075
_d13075